| 000 | 00408cam a2200157 i 4500 | ||
|---|---|---|---|
| 020 | _a0295956364 | ||
| 040 | _cDLC | ||
| 082 | 0 | 0 | _a582 UNI 1979 A025 Or. |
| 100 | 1 | _aKozlowski, T. T. | |
| 245 | 1 | 0 | _aTree growth and environmental stresses / |
| 260 |
_aSeattle : _bUniversity of Washington Press, _cc1979. |
||
| 300 |
_avii, 192 p. ; _c21 cm. |
||
| 650 | 0 | _aTrees | |
| 650 | 0 | _aForest ecology. | |
| 942 | _cEK | ||
| 999 |
_c13682 _d13682 |
||